000 01051naa a22002777a 4500
001 BR7703079
003 BR-BrBNA
005 20240918173954.0
007 ta
008 230509b bl.||||| |||| 00| 0 por d
040 _aBR-BrBNA
_bpor
_cBiblioteca Nacional de Agricultura
041 _a(Pt)
072 _aE10
090 _aE10 BR7703079
110 1 _aCompanhia de armazens e Silos do Estado de Minas Gerais, Belo Horizonte (Brasil)
_92335
111 1 _a2. Seminario Nacional de Armazenagem
_cBrasilia, DF (Brazil)
_d25 Oct 1976
245 1 _aPadronizacao do sistema de cobranca de tarifas de armazens gerais
260 3 _aBrasilia, DF (Brasil):
_c1977.
500 _aAnais do 2. Seminario Nacional de Armazenagem Brasilia, DF (Brasil): 1977. v. 3 p. 31-33 (BR7703079-AM)E10
650 _aMacroeconomia
650 _aTarifa
650 _aArmazenamento
773 0 _tAnais do 2. Seminario Nacional de Armazenagem
_wE10 BR7703079
_gBrasilia, DF (Brasil), 1977. v. 3 p. 31-33
909 _a202404
_bLucia
_c55
_dLucia Elande
942 _cAM
_2AGRIS
999 _c308050
_d308050